Miglior piazzamento in UEFA Champions League - Quiz n°3 - Statistics

Statistiche generali
  • Questo quiz è stato fatto 37 volte
  • Il punteggio medio è 10 su 18
Statistiche sulle risposte
Hint Risposta % Corretto
Manchester City Campione
94%
Atletico Madid Finale
91%
Qarabağ Fase a gironi
88%
Inter Campione
81%
BATE Borisov Fase a gironi
69%
AEK Atene Fase a gironi
63%
Rubin Kazan Fase a gironi
63%
Young Boys Fase a gironi
59%
Lilla Ottavi di finale / Seconda fase a gironi
59%
Real Sociedad Ottavi di finale / Seconda fase a gironi
56%
Malmö FF Fase a gironi
47%
Club Bruges Ottavi di finale / Seconda fase a gironi
47%
AZ Alkmaar Fase a gironi
44%
Borussia Mönchengladbach Ottavi di finale / Seconda fase a gironi
44%
Bayer Leverkusen Finale
34%
Sporting Lisbona Ottavi di finale / Seconda fase a gironi
34%
Parma Fase a gironi
28%
Rosenborg Quarti di finale
3%
Nessun quiz corrispondente trovato
Distribuzione punteggi
Percentuale di utenti per punteggio
Percentile per numero di risposta
I tuoi punteggi nel tempo
Non hai fatto questo quiz